| 000 | 00356nam a22001457a 4500 | ||
|---|---|---|---|
| 020 | _a9780471828723 | ||
| 040 | _cNust | ||
| 082 |
_a539 _bKRA'M |
||
| 100 |
_aKeeneth Krane _9126810 |
||
| 245 | _aModern physics | ||
| 250 | _a2nd Edition | ||
| 260 |
_aNew York: _bJohn Willey and sons, _c1996. |
||
| 650 |
_aModern physics _960794 |
||
| 942 |
_2ddc _cBK |
||
| 999 |
_c612263 _d612263 |
||